Las aventuras de Amelia Jane / (Registro nro. 10920)

Detalles MARC
000 -LIDER
fixed length control field 00715nam a22002537a 4500
001 - NÚMERO DE CONTROL
Identificador de número de control 01104
003 - IDENTIFICACDOR DE NÚMERO DE CONTROL
control field DO-SdBNP
005 - DATE AND TIME OF LATEST TRANSACTION
control field 20171212113807.0
007 - CAMPOS FIJOS DE DESCRIPCIÓN FÍSICA
fixed length control field 01104
008 - ELEMENTOS DE LONGITUD FIJA
fixed length control field 160718b 1960 spa |||| |||| 00| 0 spa d
020 ## - ISBN
International Standard Book Number 8430571582
040 ## - FUENTE DE CATALOGACIÓN
Agencia que crea de manera original el registro BPMSU
Idioma de catalogación spa
Agencia que realiza la transcripción BPMSU
082 ## - NÚMERO DE CLASIFICACIÓN DECIMAL DE DEWEY
Classification number I823.8
Item number B661a
100 ## - ASIENTO PRINCIPAL -- NOMBRE PERSONAL
Nombre personal Blyton, Enid,
Fechas asociadas con el nombre 1896-1968.
245 ## - MENCIÓN DE TITULO
Título Las aventuras de Amelia Jane /
Mención de responsabilidad Enid Blyton.
260 ## - PUBLICACIÓN, DISTRIBUCIÓN, ETC. (PIE DE IMPRENTA)
Lugar de publicación, distribución, etc Madrid :
Nombre del editor, distribuidor, etc. Susaeta Ediciones,
Fecha de publicación, distribución, etc 1960
300 ## - DESCRIPCIÓN FÍSICA
Extensión 247 p. :
Otros detalles físicos il. ;
Dimensiones 23 cm.
490 ## - MENCIÓN DE SERIES
Mención de serie Enid Blyton
Volume/sequential designation 10
650 ## - ENCABEZAMIENTO DE MATERIA--TEMÁTICO
Término temático o nombre geográfico como elemento de entrada CUENTOS INFANTILES INGLESES
830 ## - ASIENTO SECUNDARIO DE SERIE--TÍTULO UNIFORME
Título uniforme Enid Blyton
Volume number/sequential designation 10
942 ## - ADDED ENTRY ELEMENTS (KOHA)
Source of classification or shelving scheme Dewey Decimal Classification
Koha item type Libros
945 ## - INFORMACIÓN DE PROCESAMIENTO LOCAL
Información de procesamiento local Inventariado extranjero 2017 / YL
956 ## - LOCAL ELECTRONIC LOCATION AND ACCESS (OCLC)
Nombre de host VMATEO
Número de acceso 10
Información de compresión 20160718
Trayectoria BPMSU
Nombre Electrónico 0069
Existencias
Withdrawn status Lost status Source of classification or shelving scheme Damaged status Not for loan Home library Current library Date acquired Source of acquisition Total Checkouts Full call number Barcode Date last seen Price effective from Koha item type
    Dewey Decimal Classification     Biblioteca Pública Metropolitana Salomé Ureña Biblioteca Pública Metropolitana Salomé Ureña 07/18/2016 FUNDI   I823.8 B661a BPMET16070516 07/18/2016 07/18/2016 Libros